Welcome to CU Library Online Public Access Catalogue (OPAC)

Microsoft PowerPoint 7.0 for Windows 95 / (Record no. 8067)

MARC details
000 -LEADER
fixed length control field 00710pam a2200229 a 4500
001 - CONTROL NUMBER
control field 1633240
005 - DATE AND TIME OF LATEST TRANSACTION
control field 20251105133453.0
008 - FIXED-LENGTH DATA ELEMENTS--GENERAL INFORMATION
fixed length control field 960212s1996 ilua 001 0 eng
020 ## - INTERNATIONAL STANDARD BOOK NUMBER
International Standard Book Number 0256220514
020 ## - INTERNATIONAL STANDARD BOOK NUMBER
International Standard Book Number 9780256220513
050 00 - LIBRARY OF CONGRESS CALL NUMBER
Classification number T385
Item number .H88 1996
082 00 - DEWEY DECIMAL CLASSIFICATION NUMBER
Classification number 006.6/869
Edition information 20
100 1# - MAIN ENTRY--PERSONAL NAME
Personal name Hutchinson, Sarah E.
245 10 - TITLE STATEMENT
Title Microsoft PowerPoint 7.0 for Windows 95 /
Statement of responsibility, etc. Sarah E. Hutchinson, Glen J. Coulthard.
260 ## - PUBLICATION, DISTRIBUTION, ETC.
Place of publication, distribution, etc. Chicago :
Name of publisher, distributor, etc. Irwin,
Date of publication, distribution, etc. c1996.
300 ## - PHYSICAL DESCRIPTION
Extent x, 180 p. :
Other physical details col. ill. ;
Dimensions 28 cm.
440 #4 - SERIES STATEMENT/ADDED ENTRY--TITLE
Title The Irwin advantage series for computer education
500 ## - GENERAL NOTE
General note Includes index.
650 #0 - SUBJECT ADDED ENTRY--TOPICAL TERM
Topical term or geographic name entry element Presentation graphics software.
700 1# - ADDED ENTRY--PERSONAL NAME
Personal name Coulthard, Glen J.
942 ## - ADDED ENTRY ELEMENTS (KOHA)
Source of classification or shelving scheme Library of Congress Classification
Koha item type Books
Suppress in OPAC No
999 ## -
-- 8067
-- 8067
Holdings
Withdrawn status Lost status Source of classification or shelving scheme Damaged status Not for loan Collection Home library Current library Shelving location Date acquired Total checkouts Full call number Barcode Date last seen Copy number Price effective from Koha item type
    Library of Congress Classification     Non-fiction Science Library (Miotso) Science Library (Miotso) General stacks 11/05/2025   T385 .H88 HUT SLM00005375 11/05/2025 1 11/05/2025 Books
    Library of Congress Classification     Non-fiction Science Library (Miotso) Science Library (Miotso) General stacks 11/05/2025   T385 .H88 HUT SLM00005376 11/05/2025 2 11/05/2025 Books
    Library of Congress Classification     Non-fiction Science Library (Miotso) Science Library (Miotso) General stacks 11/05/2025   T385 .H88 HUT SLM00005377 11/05/2025 3 11/05/2025 Books
© 2023-2024 Copyright: Central University Libraries. All Rights Reserved | Created by: Mahone Tech Office